000
00342nam a2200133Ia 4500
008
240624s9999 xx 000 0 und d
041
_a
eng
082
_a
658.3128 BEN
100
_a
BENDALY LESLIE
245
_a
BRAIN TEASERS FOR TEAM LEADERS
260
_c
2005
_a
New Delhi
_b
Tata McGrawhill
300
_a
v, : 326 : p. : cm. ; 28
365
_c
RS
999
_c
3574
_d
3574